01316naa#a2200265#i#4500001001600000005001700016011001400033100004100047101000800088102000700096200023900103210008300342215001000425608004500435675011000480700005400590700005200644700005600696700005400752700005000806700005600856700005800912700006000970856002001030RU\\bibl\12514420260630034537.2##a2077-7566##a20260629b2026####ek#y0rusy0150####ca0#aRUS##aRU1#aАДДИТИВНЫЕ ТЕХНОЛОГИИ В СОВРЕМЕННОЙ ОРТОДОНТИИ: ОТ ДИАГНОСТИКИ ДО ИЗГОТОВЛЕНИЯ АППАРАТОВ. ОБЗОР ЛИТЕРАТУРЫeЖурнальная статья1#aЕкатеринбургcИздательский Дом «ТИРАЖ»d2026##a9 с.##aЖурнальная статья2local##aСтоматология. Заболевания ротовой полости и зубов. 616.31zRUS#1aКравченкоgПавел Сергеевич#1aГригоренкоgМарк Павлович#1aВакушинаgЕлена Анатольевна#1aЛапинаgНаталья Викторовна#1aДеминаgКристина Юрьевна#1aМрикаеваgМадина Руслановна#1aБрагинgАлександр Евгеньевич#1aГригоренкоgПавел Анатольевич4#adental-press.ru